State law, dispute processing, and legal pluralism (Record no. 969343)

MARC details
000 -LEADER
fixed length control field 00868nam a2200277Ia 4500
003 - CONTROL NUMBER IDENTIFIER
control field OSt
005 - DATE AND TIME OF LATEST TRANSACTION
control field 20221005062207.0
008 - FIXED-LENGTH DATA ELEMENTS--GENERAL INFORMATION
fixed length control field 221004b |||||||| |||| 00| 0 eng d
020 ## - INTERNATIONAL STANDARD BOOK NUMBER
International Standard Book Number 9781138625211 (hbk)
037 ## - SOURCE OF ACQUISITION
Terms of availability Textual
040 ## - CATALOGING SOURCE
Original cataloging agency CRL
Transcribing agency CRL
Language of cataloging eng
041 ## - LANGUAGE CODE
Source of code eng
Language code of text/sound track or separate title eng
100 ## - MAIN ENTRY--PERSONAL NAME
Personal name Kokal Kalindi Au.
9 (RLIN) 601545
245 #0 - TITLE STATEMENT
Title State law, dispute processing, and legal pluralism
Remainder of title unspoken dialogues from rural India
260 ## - PUBLICATION, DISTRIBUTION, ETC.
Place of publication, distribution, etc. London
Name of publisher, distributor, etc. Routledge UK
Date of publication, distribution, etc. 2020
300 ## - PHYSICAL DESCRIPTION
Extent xv,191p.
Dimensions cm.
490 ## - SERIES STATEMENT
Series statement Law and anthropology
650 ## - SUBJECT ADDED ENTRY--TOPICAL TERM
Topical term or geographic name entry element LAW
650 ## - SUBJECT ADDED ENTRY--TOPICAL TERM
Topical term or geographic name entry element ANTHROPOLOGY
942 ## - ADDED ENTRY ELEMENTS (KOHA)
Classification part Y70aZ, R0
Koha item type Textual
Source of classification or shelving scheme
Holdings
Withdrawn status Lost status Damaged status Not for loan Home library Current library Date acquired Source of acquisition Total Checkouts Full call number Barcode Date last seen Price effective from Koha item type
        Central Library Central Library 2022-10-05 226, 06/03/2020, Classic Book Service   Y70aZ R0 CL1678490 2022-10-05 2022-10-05 Textual
Copyright @ Delhi University Library System